A COMPARATIVE EVALUATION OF CONVENTIONAL AND DIGITAL CEPHALOGRAM WITH REGARD TO VALIDITY & REPRODUCIBILITY OF ANGULAR & LINEAR MEASUREMENTS AND SETTING UP OF NORMS FOR NORTH INDIAN POPULATION (Record no. 17332)
[ view plain ]
| 000 -LEADER | |
|---|---|
| fixed length control field | 00477nam a22001337a 4500 |
| 003 - CONTROL NUMBER IDENTIFIER | |
| control field | SGT |
| 082 ## - DEWEY DECIMAL CLASSIFICATION NUMBER | |
| Classification number | 617.6 |
| Item number | C10J |
| 100 ## - MAIN ENTRY--PERSONAL NAME | |
| Personal name | SANGHAMITRA, JENA |
| 245 ## - TITLE STATEMENT | |
| Title | A COMPARATIVE EVALUATION OF CONVENTIONAL AND DIGITAL CEPHALOGRAM WITH REGARD TO VALIDITY & REPRODUCIBILITY OF ANGULAR & LINEAR MEASUREMENTS AND SETTING UP OF NORMS FOR NORTH INDIAN POPULATION |
| 260 ## - PUBLICATION, DISTRIBUTION, ETC. (IMPRINT) | |
| Place of publication, distribution, etc | DELHI NCR |
| Name of publisher, distributor, etc | SGT UNIVERSITY GURUGRAM |
| Year of Publication | 2010 |
| 300 ## - PAGE DESCRIPTION | |
| No. of Pages | 1-72 |
| 650 ## - SUBJECT ADDED ENTRY--TOPICAL TERM | |
| Topical term or geographic name as entry element | ORTHODONTICS |
| 942 ## - ADDED ENTRY ELEMENTS (KOHA) | |
| Source of classification or shelving scheme | Dewey Decimal Classification |
| Koha item type | Thesis/Dissertation |
| Withdrawn status | Lost status | Source of classification or shelving scheme | Damaged status | Not for loan | Home library | Current library | Shelving location | Date acquired | Vendor Name | SGTU | Total Checkouts | Full call number | Accession No. (Barcode) | Date last seen | Bill Date | Koha item type |
|---|---|---|---|---|---|---|---|---|---|---|---|---|---|---|---|---|
| Dewey Decimal Classification | SGT Dental Library | SGT Dental Library | Reference Book | 05/04/2019 | PERFECT BOOK BINDING HOUSE NEW DELHI | SGTU | 617.6 C10J | DT47 | 05/04/2019 | 05/04/2019 | Thesis/Dissertation | |||||
| Dewey Decimal Classification | SGT Dental Library | SGT Dental Library | Reference Book | 12/04/2019 | PERFECT BOOK BINDING HOUSE NEW DELHI | SGTU | 617.6 C10J | DT19 | 12/04/2019 | 12/04/2019 | Thesis/Dissertation | |||||
| Dewey Decimal Classification | SGT Dental Library | SGT Dental Library | Reference Book | 13/05/2021 | SGTU | 617.6 C10J | DT1125 | 13/05/2021 | 13/05/2021 | Thesis/Dissertation |